000 00374 a2200157 4500
001 75279
020 _a9788584390113
040 _cAnchieta - Colégio São Paulo
100 _aBuchmann, Kéfera
240 1 0 _aMuito mais que 5inco minutos
_lpor
245 1 0 _aMuito mais que 5inco minutos
300 _a143
362 0 _a2015
650 4 _aLiteratura juvenil
942 _cBK
999 _c75279
_d75279